• 首页
  • 本馆介绍
  • 公告通知
  • 最新文献
  • 馆藏检索
  • 电子资源
  • 读者导购
  • 参考咨询
  • 我的图书馆
  • 登录
  • 详细信息显示
  • 放入我的书架
  • 预约/预借图书
  • 作者相关作品
  • 分类相关作品
  • 丛书相关作品
  • 出版社相关作品

书目信息

  • 表格格式
  • 工作单格式
  • 卡片格式
题名:
全国最新万家出版发行单位名录
    
 
作者: 王继明 主编
分册:  
出版信息: 北京   中国经济出版社  1994
页数: 525页
开本: 26cm
丛书名:
单 册:
中图分类: G239.23-61
科图分类: 37.56042
主题词: 出版发行机构--中国--名录
电子资源:
ISBN: 7-5017-3310-4
000 00783nam0 2200229 45
001 0195024299
005 20070729160734.65
010    @a7-5017-3310-4@b精装@dCNY78.00
100    @a19950517d1994 emky0chiy0121 ea
101 0  @achi
102    @aCN@b110000
105    @ay g 000yy
200 10 @a全国最新万家出版发行单位名录@AQUAN GUO ZUI XIN WAN JIA CHU BAN FA XING DAN WEI MING LU@f王继明主编@FWANG JI MING ZHU BIAN
210    @a北京@c中国经济出版社@d1994
215    @a525页@d26cm
330    @a收全国1.8万余家出版发行单位的资料,包括名称、详细通讯联系地址、邮政编码、联系人及电话和电报号码等。
606    @a出版发行机构@y中国@x名录
690    @aG239.23-61
692    @a37.56042
701  0 @a王继明@AWANG JI MING@4主编
801  0 @aCN@bTSSF@c20070729
905    @a10447@dG239.23-61@e45
    
    全国最新万家出版发行单位名录/王继明主编.-北京:中国经济出版社,1994
    525页;26cm
    
    
    ISBN 7-5017-3310-4(精装):CNY78.00
    收全国1.8万余家出版发行单位的资料,包括名称、详细通讯联系地址、邮政编码、联系人及电话和电报号码等。
●
相关链接 在E读中查询图书 在五车中查询图书 在当当中查询图书 在豆瓣中查询图书


正题名:全国最新万家出版发行单位名录     索取号:G239.23-61/45         预约/预借

序号 登录号 条形码 馆藏地/架位号 状态 备注
1 0785098   207850985   第一样本阅览室/ [索取号:G239.23-61/45] 在馆    
唐山师范学院图书馆 欢迎您!
大连网信软件有限公司© 版权所有